Регионална библиотека "Любен Каравелов" - Русе

Кървавите басни (Запис номер 157349)

MARC детайли
000 -Лидер
Контролно поле с фиксирана дължина 01484nam a2200373 c 4500
003 - Код на организацията, давaща контролен номер
Контролно поле BLK
005 - Дата и час на последна редакция
Контролно поле 20250224163636.0
008 - Елементи от данни с фиксирана дължина
fixed length control field 180410b bul|||||r ||||||| ||bul||
010 ## - Наследен системен номер
LC control number KNG00164293000
020 ## - Международен стандартен номер на книга ISBN
Международен стандартен номер на книга ISBN 978-954-330-403-5
-- издат.: Унискорп
040 ## - Източник на каталожния запис
Идентификатор на билиотеката - собственик на записа BLK
041 ## - Код за език
Код за езика на текст/звукозапис или на отделно заглавие Български
Код за езика КДБФ Български
072 #7 - Код за тематичната категория
Код организация bullib
Код за тематична категория Н83
Текст Чужда художествена литература Н
080 ## - УДК
Текстов определител УДК Френска литература
УДК код - определител по УДК 821.133.1
УДК определител -312.4
УДК - код + определител 821.133.1-312.4
100 1# - Редна дума - Автор
Автор Дьолаланд, Арно
Авторска отговорност първи автор
R(LIN) 66065
139 ## - Редно поле
Редна дума Дьолаланд, Арно
Авторски знак Дър - Д 96
245 10 - Сведения за заглавието
Заглавие Кървавите басни
Подзаглавни данни Ист. бестселър
Редно поле (дума) Арно Дьолаланд; прев. от фр. Весела Генова Шумакова.
257 ## - Страна на издаване
Страна на създаване/издаване Франция
260 ## - Област на издателските данни
-- София
Име на издателя, разпространителя и проч. Унискорп
Година на издаване 2014
300 ## - Физическа характеристика
Страници 304 с.
Размери/Мащаб 21 см
380 ## - Жанр
Жанр Худож. лит.
490 1# - СЕРИИ (Колекции)
Име на серия Поредица Избрано за вас
500 ## - Общи забележки
Забележка Ориг. загл. Les Fables de Sang d'Arnaud Delalande. - Съдържа и за авт.
653 ## - Ключова дума – ненормативна
Ключова дума трилъри
653 ## - Ключова дума – ненормативна
Ключова дума романи
659 ## - Тематичен бюлетин
Тематичен бюлетин Н
700 1# - Други автори (авторска отговорност)
Лично име Шумакова, Весела Генова
Автороска отговорност (Описва отношението между автора и произведението) прев. от фр.
9 (RLIN) 144289
852 ## - Местоположение
Форматна сигнатура Цб 270405
856 4# - Електронен адрес и достъп
Електронен формат pdf - файл
Път до файла /url/
856 4# - Електронен адрес и достъп
Електронен формат pdf - файл
Път до файла /url/
942 ## - АРТИКУЛИ
Вид на библиотечния материал Книги
Скрит в OPAC Не
Koha issues (borrowed), all copies 11
944 ## - СЪЗДАВАНЕ И РЕДАКЦИЯ на ЗАПИСА
Създаване/Редакция Създаване
Дата на регистрацията/редакция 26.08.2014
Статус, дата на статуса Диана Гривева
Служител, извършил регистрацията/редакцията 30529
944 ## - СЪЗДАВАНЕ И РЕДАКЦИЯ на ЗАПИСА
Създаване/Редакция Редакция
Дата на регистрацията/редакция 20.09.2016
Статус, дата на статуса ф /
Служител, извършил регистрацията/редакцията Людмила_Стоянова
999 ## - СИСТЕМНИ КОНТРОЛНИ НОМЕРА
Koha biblionumber 157349
Koha biblioitemnumber 157349
Наличности
Код за отписване Код за изгубен артикул Източник на класификационната схема Код за повреда Коз за рестрикции Код за отдаване Артикулен № Име на библиотеката - собственик Име на библиотеката, в която се намира в момента Статус (Текущо местоположение) Дата на вписване в системата Местоположение - отдел Цена в лева Инвентарен номер Систематично азбучна сигнатура Баркод Номер на екземпляра Цена в евро Служебна бележка Служебен тип на артикула
  Не е изгубен Universal Decimal Classification Не е повреден без рестрикции заемане за дома 263592 Регионална библиотека "Любен Каравелов" Русе Регионална библиотека "Любен Каравелов" Русе Заемна - подръчен фонд 2014-08-25 Заемна - подръчен фонд 9.36 120000779902 П 821-31/Д 96 120000779902 1 4.79 Дост: Pk Вид: Ф N: 365 Дата: 15.08.2014 Дата инв: 09.02.2018 Бележки инв: П2018 Книги
  Не е изгубен   Не е повреден без рестрикции заемане за дома 263593 Регионална библиотека "Любен Каравелов" Русе Регионална библиотека "Любен Каравелов" Русе Заемна - подръчен фонд 2014-08-25 Заемна - подръчен фонд 9.36 120000779903 П 840-31/Д 96 120000779903 2 4.79 Дост: Pk Вид: Ф N: 365 Дата: 15.08.2014 Дата инв: 09.02.2018 Бележки инв: П2018 Книги
  Не е изгубен Universal Decimal Classification Не е повреден без рестрикции заемане за дома 263594 Регионална библиотека "Любен Каравелов" Русе Регионална библиотека "Любен Каравелов" Русе Заемна - подръчен фонд 2015-02-27 Заемна - подръчен фонд 12.00 120000785969 П 821-31/Д 96 120000785969 3 6.14 Дост: DA Вид: А N: 6 Дата: 27.02.2015 Дата инв: 09.02.2018 Бележки инв: П2018 Книги
  Не е изгубен   Не е повреден без рестрикции ползва се в читалня 263595 Регионална библиотека "Любен Каравелов" Русе Регионална библиотека "Любен Каравелов" Русе Хранилище 2016-09-15 Хранилище 12.00 120000803841 Цб 270405 120000803841 4 6.14 Дост: Dp Вид: Д N: 32 Дата: 05.07.2016 Книги
Vip Innovations Ltd, Rousse, Bulgaria 2025